Normal view
MARC view
Entry Personal Name
001 - CONTROL NUMBER
- control field: 17413
003 - CONTROL NUMBER IDENTIFIER
- control field: OSt
005 - DATE AND TIME OF LATEST TRANSACTION
- control field: 20240618094935.0
008 - FIXED-LENGTH DATA ELEMENTS
- fixed length control field: 240618|| aca||aabn | a|a d
040 ## - CATALOGING SOURCE
- Original cataloging agency: OSt
- Transcribing agency: OSt
100 ## - HEADING--PERSONAL NAME
- Personal name: Loehle, Craig,
- Titles and other words associated with a name: Ph. D
670 ## - SOURCE DATA FOUND
- Source citation: Work cat.: (OSt)8589: Loehle, Craig, Ph. D., Becoming a successful scientist :, 2009.
